<?xml version="1.0" encoding="UTF-8"?>
<record
    xmlns:xsi="http://www.w3.org/2001/XMLSchema-instance"
    xsi:schemaLocation="http://www.loc.gov/MARC21/slim http://www.loc.gov/standards/marcxml/schema/MARC21slim.xsd"
    xmlns="http://www.loc.gov/MARC21/slim">

  <leader>02597nam a22001817a 4500</leader>
  <controlfield tag="005">20150518141307.0</controlfield>
  <controlfield tag="008">150518b        xxu||||| |||| 00| 0 eng d</controlfield>
  <datafield tag="040" ind1=" " ind2=" ">
    <subfield code="a">ANE</subfield>
  </datafield>
  <datafield tag="041" ind1=" " ind2=" ">
    <subfield code="a">Es</subfield>
  </datafield>
  <datafield tag="082" ind1=" " ind2=" ">
    <subfield code="a">TV-725</subfield>
  </datafield>
  <datafield tag="100" ind1=" " ind2=" ">
    <subfield code="a">Pinoargote, Alfredo</subfield>
    <subfield code="e">periodista noticiero Ecuavisa</subfield>
  </datafield>
  <datafield tag="245" ind1=" " ind2=" ">
    <subfield code="a">Pinoargote se ratifica en su comentario, tras r&#xE9;plica del Gobierno </subfield>
  </datafield>
  <datafield tag="260" ind1=" " ind2=" ">
    <subfield code="a">Guayaquil</subfield>
    <subfield code="b">Ecuavisa</subfield>
    <subfield code="c">2015-05-18</subfield>
  </datafield>
  <datafield tag="300" ind1=" " ind2=" ">
    <subfield code="a">p.</subfield>
  </datafield>
  <datafield tag="520" ind1=" " ind2=" ">
    <subfield code="a">El periodista Alfredo Pinoargote se ha ratificado en su comentario del jueves7 de mayo pasado que le ha valido hoy (lunes) una respuesta del Gobierno a trav&#xE9;s de una cadena televisa dispuesta por la Secretar&#xED;a Nacional de Comunicaci&#xF3;n (Secom) en la que se dice que Pinoargote miente. En su descargo Pinoargote ha dicho que en su comentario anterior se&#xF1;al&#xF3; muy claramente que este Gobierno ha tomado dos medidas: la eliminaci&#xF3;n del subsidio del 40 % de aporte anual para el Iess y la devaluaci&#xF3;n del d&#xF3;lar mediante tasas arancelarias, "medidas t&#xED;picas que exige el Fondo Monetario Internacional (FMI), nunca dije que eran las mismas medidas que se tomaban antes y que se tomaban despu&#xE9;s de una Carta de Intenci&#xF3;n...". El FMI contempla que cuando un Gobierno ha tenido buen desempe&#xF1;o, cuando soberanamente toma esas medidas como devaluar y eliminar subsidios, el fondo despu&#xE9;s lo premia, y eso est&#xE1; por verse y eso -seguramente- ser&#xED;a bueno para el pa&#xED;s, porque el Gobierno recibir&#xED;a un jugoso pr&#xE9;stamo del FMI a largo plazo y a una baj&#xED;sima tasa de inter&#xE9;s en vez de la tasa de inter&#xE9;s que nos cobran los chinos. "Eso es todo lo que dije y me ratifico".


</subfield>
  </datafield>
  <datafield tag="650" ind1=" " ind2=" ">
    <subfield code="a">Ratificaci&#xF3;n comentario/periodista noticiero Ecuavisa/Secretaria Comunicaci&#xF3;n (Secom)/Gobierno Nacional/Sabatinas/Instituto Ecuatoriano Seguridad Social/Jubilados Iess/Biess/eliminaci&#xF3;n 40% aporte estatal pensiones jubilares/periodista comentario/gobierno responde a trav&#xE9;s cadena televisiva dispuesta Secretaria Comunicaci&#xF3;n Pinoargote miente/periodista descargo comentario anterior se&#xF1;al&#xF3; muy claro Gobierno tomado dos medidas/eliminaci&#xF3;n 40% aporte anual Iess/devaluaci&#xF3;n d&#xF3;lar mediante tasas arancelarias/medidas t&#xED;picas Fondo Monetario Internacional/se&#xF1;al&#xF3; nunca haber dicho mismas medidas tomaban antes se tomaban despu&#xE9;s Carta intenci&#xF3;n/FMI contempla cuando gobierno tenido buen desempe&#xF1;o/cuando soberanamente toma esas medidas como devaluar/eliminar subsidios/fondo despu&#xE9;s premia/Gobierno recibir&#xED;a jugoso pr&#xE9;stamo FMI/largo plazo/baj&#xED;sima tasa inter&#xE9;s contrario tasa interes chinos/se ratifica comentario/</subfield>
  </datafield>
  <datafield tag="942" ind1=" " ind2=" ">
    <subfield code="2">ddc</subfield>
    <subfield code="c">VM</subfield>
    <subfield code="z">IES.</subfield>
  </datafield>
  <datafield tag="999" ind1=" " ind2=" ">
    <subfield code="c">28802</subfield>
    <subfield code="d">28802</subfield>
  </datafield>
  <datafield tag="952" ind1=" " ind2=" ">
    <subfield code="0">0</subfield>
    <subfield code="1">0</subfield>
    <subfield code="2">ddc</subfield>
    <subfield code="4">0</subfield>
    <subfield code="7">0</subfield>
    <subfield code="a">AN01</subfield>
    <subfield code="b">AN01</subfield>
    <subfield code="d">2015-05-18</subfield>
    <subfield code="o">TV-725</subfield>
    <subfield code="p">TV-725</subfield>
    <subfield code="r">2015-05-18</subfield>
    <subfield code="w">2015-05-18</subfield>
    <subfield code="y">VM</subfield>
  </datafield>
</record>
